LDR 00471naa#a2200145#i#450# 001 EN\INFRA-M\bibl\14668 005 20260428175711.2 100 ## _a20250114b2025####ek#y0engy0150####ca 102 ## _aRU 200 1# _aBASIC REQUIREMENTS AND TOOLS FOR AUTOMATING THE BUSINESS OF SCRAP COMPANIES _eConference article/thesis 210 1# _aMoscow _cINFRA-M Academic Publishing LLC. _d2025 215 ## _a2 с. 608 ## _aConference article/thesis _2local 700 #1 _aMorozov _gD. A. 856 4# _azh-szf.ru _u